000 00295nam a22001337a 4500
008 170601b xxu||||| |||| 00| 0 eng d
020 _a9781568029320
041 _aeng
080 _22ND
_a94(100)
100 _a17
101 _aSHH
245 _aPOLITICS IN ISRAEL
_cARIAN,A
942 _2udc
_cBK
999 _c15506
_d15506